000 00679nam a2200229Ia 4500
003 OSt
005 20220926011550.0
006 a|||||r|||| 00| 0
007 ta
008 220923b |||||||| |||| 00| 0 eng d
037 _cGeneral Book
040 _aRTL
_cRTL
_beng
041 _2eng
_aeng
082 _aY:1.791.M5, A
100 _aAbbott John S C
_9314519
245 0 _aSouth and North
_b or impressions received during a
260 _aNew York
_bAbbey and Abbot
_c1860
300 _a352p
_ccm.
500 _aReprinted : New York, Negro University Press, 1969
942 _hY:1.791.M5, A
_cGB
_2CC
999 _c620477
_d620477